| 000 | 01526cam a2200409 a 4500 | ||
|---|---|---|---|
| 001 | 2962565 | ||
| 003 | OSt | ||
| 005 | 20231005150126.0 | ||
| 008 | 910123r19911989nyu 000 1 eng | ||
| 010 | _a 91050047 | ||
| 020 | _a9780749399573 | ||
| 020 |
_a067972768X (pbk.) _c$10.00 ($13.50 Can.) |
||
| 040 |
_aDLC _cDLC _dDLC _dOCoLC _dDLC |
||
| 043 | _an-us--- | ||
| 050 | 1 | 0 |
_aPS3570.A48 _bJ6 1991 |
| 082 | 0 | 0 |
_a813.54 _bTAN/J |
| 100 | 1 |
_aTan, Amy. _99669 |
|
| 245 | 1 | 4 |
_aThe Joy Luck Club / _cAmy Tan. |
| 260 |
_aNew York : _bVintage Books, _c1991. |
||
| 300 |
_a352 p. ; _c21cm. |
||
| 490 | 0 | _aVintage contemporaries | |
| 500 | _aOriginally published: New York : Putnam's, c1989. | ||
| 650 | 0 |
_aWomen _xSocieties and clubs _vFiction. |
|
| 650 | 0 |
_aReminiscing in old age _vFiction. |
|
| 650 | 0 |
_aChinese American women _xFiction. |
|
| 650 | 0 |
_aMothers and daughters _xFiction. |
|
| 650 | 0 |
_aLoss (Psychology) _vFiction. |
|
| 650 | 0 |
_aFemale friendship _vFiction. |
|
| 650 | 0 |
_aMothers _xDeath _vFiction. |
|
| 651 | 0 |
_aSan Francisco (Calif.) _vFiction. |
|
| 655 | 7 |
_aPsychological fiction. _2lcsh |
|
| 655 | 7 |
_aDomestic fiction. _2lcsh |
|
| 856 | 4 | 2 |
_3Publisher description _uhttp://www.loc.gov/catdir/description/random042/91050047.html |
| 906 |
_a7 _bcbc _corignew _d1 _eocip _f19 _gy-gencatlg |
||
| 942 |
_2ddc _cBK _h813.54 _iTAN/J _k813.54 _mTAN/J |
||
| 999 |
_c42536 _d42536 |
||